[Event "CZE-ch U12"]
[Site "Harrachov"]
[Date "2024.10.31"]
[Round "7"]
[White "Kolin, Vojtech"]
[Black "Bukovskij, Dmitri"]
[Result "1-0"]
[WhiteElo "1188"]
[BlackElo "1617"]
[PlyCount "67"]
[EventDate "2024.10.26"]
[EventType "swiss"]
[EventRounds "9"]
[EventCountry "CZE"]
[SourceTitle "CB45_2024"]
[Source "ChessBase"]
[SourceDate "2024.11.06"]
[SourceVersion "1"]
[SourceVersionDate "2024.11.06"]
[SourceQuality "1"]

1. d4 d5 2. Bf4 Nf6 3. e3 e6 4. Nf3 c5 5. c3 Nc6 6. Bd3 Bd6 7. Bg3 0-0 8. Nbd2 Re8 9. Ne5 Bxe5 10. dxe5 Nd7 11. f4 c4 12. Bc2 Qb6 13. 0-0 Qxb2 14. Qb1 Qxb1 15. Raxb1 Nc5 16. e4 a6 17. Bf2 Nd7 18. a4 Na7 19. Bb6 Nxb6 20. Rxb6 Nc6 21. Ra1 Re7 22. Kf2 Na5 23. Rab1 Rc7 24. Rd6 Rd7 25. Rbb6 g6 26. Ke3 Ra7 27. exd5 exd5 28. Kd4 Rxd6 29. exd6 Be6 30. d7 Ra8 31. Rd6 Rd8 32. Kc5 Bxd7 33. Kb6 Nc6 34. Kc7 1-0